[Event "Sufe Cup"]
[Site "Shanghai"]
[Date "2000.03.09"]
[Round "7"]
[White "Ye Jiangchuan"]
[Black "Filippov, Valerij"]
[Result "1-0"]
[WhiteElo "2616"]
[BlackElo "2584"]
[PlyCount "93"]
[EventDate "2000.03.03"]
[Source "ChessBase"]
[SourceDate "2000.05.31"]

1. e4 c5 2. Nf3 e6 3. d4 cxd4 4. Nxd4 Nf6 5. Nc3 Nc6 6. Nxc6 bxc6 7. e5 Nd5 8. Ne4 Qc7 9. f4 Qa5+ 10. c3 Qb6 11. Bd3 Bb7 12. a3 a5 13. Qe2 Ba6 14. c4 Qd4 15. g3 Rb8 16. Nd2 Nc3 17. Qf3 Na4 18. Rb1 Nc5 19. Be2 f5 20. exf6 Qxf6 21. b4 axb4 22. axb4 Na4 23. Qh5+ g6 24. Qa5 Nc3 25. Rb3 c5 26. Qxa6 cxb4 27. Bb2 Bc5 28. Ne4 Qd4 29. Nxc5 O-O 30. Qa7 Ra8 31. Qxd7 Qxc5 32. Qxe6+ Rf7 33. Qe5 Qc6 34. O-O Re8 35. Bf3 Qa4 36. Ra1 Qxa1+ 37. Bxa1 Rxe5 38. fxe5 Rxf3 39. Rxb4 Rd3 40. Bb2 Rd1+ 41. Kg2 Rd3 42. e6 Kf8 43. Rb3 Rd2+ 44. Kf3 Nd1 45. Ba3+ Kg7 46. e7 Kf7 47. Rb8 1-0

[Event "EU-chT (Men)"]
[Site "Batumi"]
[Date "1999.11.30"]
[Round "2.3"]
[White "Almasi, Zoltan"]
[Black "Bagaturov, Giorgi"]
[Result "1/2-1/2"]
[WhiteElo "2663"]
[BlackElo "2532"]
[PlyCount "33"]
[EventDate "1999.11.06"]
[Source "ChessBase"]
[SourceDate "2000.02.01"]

1. e4 c5 2. Nf3 Nc6 3. d4 cxd4 4. Nxd4 Nf6 5. Nc3 e6 6. Ndb5 Bb4 7. a3 Bxc3+ 8. Nxc3 d5 9. exd5 exd5 10. Bd3 O-O 11. O-O d4 12. Ne2 Bg4 13. f3 Bh5 14. Bg5 Qd6 15. c4 Bg6 16. Bf4 Qe6 17. Bxg6 1/2-1/2

[Event "Bundesliga 2007/08"]
[Site "Germany"]
[Date "2008.02.08"]
[Round "7"]
[White "Fedorchuk Sergey A (UKR)"]
[Black "Sprenger Jan Michael (GER)"]
[Result "1-0"]
[WhiteElo "2652"]
[BlackElo "2537"]
[PlyCount "65"]
[EventDate "2008.??.??"]
[Source "www.chesslib.no"]
[SourceDate "2004.05.04"]

1. e4 c5 2. Nf3 e6 3. d4 cxd4 4. Nxd4 Nf6 5. Nc3 Nc6 6. Nxc6 bxc6 7. e5 Nd5 8. Ne4 Qc7 9. f4 Qb6 10. c4 Ne3 11. Qd3 Bb4+ 12. Bd2 Ba6 13. b3 O-O 14. Bxb4 Qxb4+ 15. Kf2 Nd5 16. g3 f6 17. Qc2 Nxf4 18. gxf4 fxe5 19. Kg2 Rxf4 20. Bd3 d5 21. Ng3 e4 22. Be2 Qc5 23. Rhf1 e5 24. b4 Qxb4 25. cxd5 Bxe2 26. Nxe2 Rxf1 27. Rxf1 cxd5 28. Qc6 Rd8 29. Qe6+ Kh8 30. Qxe5 Qd2 31. Qf4 Qb4 32. Nd4 h6 33. Nc6 1-0

[Event "XXIV ECC"]
[Site "Kallithea GRE"]
[Date "2008.10.18"]
[Round "2"]
[White "Meier, Geo"]
[Black "Socko, B."]
[Result "1-0"]
[WhiteElo "2558"]
[BlackElo "2631"]
[PlyCount "113"]
[EventDate "2008.10.17"]
[Source "www.chesslib.no"]
[SourceDate "2004.05.04"]

1. e4 c5 2. Nf3 e6 3. d4 cxd4 4. Nxd4 Nf6 5. Nc3 Nc6 6. Nxc6 bxc6 7. e5 Nd5 8. Ne4 Qc7 9. f4 Qb6 10. c4 Ne3 11. Qd3 Nf5 12. g4 Nd4 13. Bg2 h5 14. g5 Bb7 15. Bd2 c5 16. Bc3 Nf5 17. O-O-O O-O-O 18. Qd2 Qa6 19. b3 d5 20. exd6 Bxd6 21. Nxd6+ Rxd6 22. Qf2 Bxg2 23. Qxg2 Qc6 24. Qxc6+ Rxc6 25. Rd3 Rd8 26. Rhd1 Rxd3 27. Rxd3 Rc7 28. Rh3 g6 29. Rd3 Rd7 30. Kd2 Kc7 31. a3 a6 32. b4 Rxd3+ 33. Kxd3 Kc6 34. Be1 Nd6 35. Bf2 cxb4 36. axb4 Nf5 37. Be1 Ne7 38. Ke4 Nc8 39. Ke5 Kd7 40. Bf2 Nd6 41. Kd4 Nb7 42. Kd3 Nd8 43. Bc5 Nc6 44. b5 axb5 45. cxb5 Nd8 46. Bd4 Nb7 47. Be5 h4 48. h3 Nc5+ 49. Kd4 Na4 50. Kc4 Nb6+ 51. Kb4 Kc8 52. Kc5 Nd5 53. Kd6 Kd8 54. Kc6 Nb4+ 55. Kb7 Nd3 56. b6 Nc5+ 57. Kc6 1-0

[Event "Dubai op"]
[Site "Dubai"]
[Date "2002.04.25"]
[Round "9"]
[White "Ulibin, Mikhail"]
[Black "Filippov, Valerij"]
[Result "1-0"]
[WhiteElo "2576"]
[BlackElo "2612"]
[PlyCount "59"]
[EventDate "2002.04.15"]
[Source "ChessBase"]
[SourceDate "2002.05.03"]

1. e4 c5 2. Nf3 e6 3. d4 cxd4 4. Nxd4 Nf6 5. Nc3 Nc6 6. Nxc6 bxc6 7. e5 Nd5 8. Ne4 Qc7 9. f4 Qb6 10. c4 Ne3 11. Qd3 Bb4+ 12. Bd2 O-O 13. b3 a5 14. Rc1 f5 15. exf6 d5 16. c5 dxe4 17. Qxe3 Qb8 18. Bc4 gxf6 19. O-O Kh8 20. Bc3 Qa7 21. Bd4 Ba6 22. Bxa6 Qxa6 23. Qxe4 Rad8 24. f5 e5 25. Bxe5 fxe5 26. Qxe5+ Kg8 27. Rf3 Bxc5+ 28. Qxc5 Rd5 29. Qe7 Rd3 30. f6 1-0

[Event "LXIV Campionato polacco"]
[Site "Opole POL"]
[Date "2007.02.20"]
[Round "11"]
[White "Socko, B."]
[Black "Heberla, B."]
[Result "1-0"]
[WhiteElo "2629"]
[BlackElo "2557"]
[PlyCount "45"]
[EventDate "2007.02.09"]
[Source "www.chesslib.no"]
[SourceDate "2004.05.04"]

1. e4 c5 2. Nf3 e6 3. d4 cxd4 4. Nxd4 Nf6 5. Nc3 Nc6 6. Nxc6 bxc6 7. e5 Nd5 8. Ne4 f5 9. exf6 Nxf6 10. Nd6+ Bxd6 11. Qxd6 Ba6 12. Bxa6 Qa5+ 13. Bd2 Qxa6 14. Bb4 Kf7 15. a3 Qc4 16. O-O-O Qa2 17. Rhe1 Rhe8 18. Bc3 Rab8 19. b3 c5 20. Kd2 Rb6 21. Qe5 d6 22. Qf4 e5 23. Qa4 1-0

[Event "TCh-CHN Men, Suzhou, Jiangsu CHN"]
[Site "?"]
[Date "2001.??.??"]
[Round "8"]
[White "Wang Zili"]
[Black "Zhang Zhong"]
[Result "1/2-1/2"]
[WhiteElo "2580"]
[BlackElo "2605"]
[PlyCount "28"]
[EventDate "2001.??.??"]
[Source "www.chesslib.no"]
[SourceDate "2004.05.04"]

1. e4 c5 2. Nf3 e6 3. d4 cxd4 4. Nxd4 Nf6 5. Nc3 Nc6 6. Ndb5 Bb4 7. a3 Bxc3+ 8. Nxc3 d5 9. exd5 exd5 10. Bd3 O-O 11. O-O d4 12. Ne2 Bg4 13. h3 Bh5 14. Bg5 Qd6 1/2-1/2

[Event "NBC-30"]
[Site "?"]
[Date "1997.??.??"]
[Round "?"]
[White "Nielsen, Jens Ove Fries"]
[Black "Soltau, Achim (GER)"]
[Result "1-0"]
[WhiteElo "2620"]
[BlackElo "2565"]
[PlyCount "51"]
[EventDate "1997.??.??"]
[Source "www.chesslib.no"]
[SourceDate "2004.05.04"]

1. e4 c5 2. Nf3 e6 3. d4 cxd4 4. Nxd4 Nf6 5. Nc3 Nc6 6. Nxc6 bxc6 7. e5 Nd5 8. Ne4 f5 9. exf6 Nxf6 10. Nd6+ Bxd6 11. Qxd6 Ba6 12. Bxa6 Qa5+ 13. b4 Qxa6 14. Bb2 O-O-O 15. O-O-O Nd5 16. Rd3 Kb7 17. Ra3 Qc4 18. Be5 Rhf8 19. f3 Ka8 20. Qc5 Qxc5 21. bxc5 Rf5 22. Re1 Rc8 23. c4 Nf4 24. g4 Rf7 25. Ree3 h5 26. gxh5 1-0

[Event "Europa ch 2008"]
[Site "Plovdiv BUL"]
[Date "2008.04.30"]
[Round "9.18"]
[White "Najer, Evgeniy"]
[Black "Khairullin, Ildar"]
[Result "1-0"]
[WhiteElo "2627"]
[BlackElo "2554"]
[PlyCount "77"]
[EventDate "2008.04.21"]
[Source "www.chesslib.no"]
[SourceDate "2004.05.04"]

1. e4 c5 2. Nf3 e6 3. d4 cxd4 4. Nxd4 Nf6 5. Nc3 Nc6 6. Nxc6 bxc6 7. e5 Nd5 8. Ne4 Qc7 9. f4 Qb6 10. c4 Bb4+ 11. Ke2 f5 12. exf6 Nxf6 13. Be3 Qd8 14. Nd6+ Bxd6 15. Qxd6 Bb7 16. Kd1 c5 17. Qxc5 Be4 18. Qd6 Rc8 19. Bxa7 Rc6 20. Qb8 Rc8 21. Qd6 Rc6 22. Qb8 Rc8 23. Qe5 O-O 24. Bd4 Kh8 25. Be2 d5 26. c5 Qa5 27. a3 Rxc5 28. Bxc5 Qxc5 29. Rc1 Qb6 30. Rc7 Bxg2 31. Re1 Be4 32. b4 Qf2 33. a4 d4 34. Qg5 Ne8 35. Rc4 Bd5 36. Qg3 Qxg3 37. hxg3 Bxc4 38. Bxc4 Nd6 39. Bd3 1-0

[Event "Elista (ol) 74/201"]
[Site "?"]
[Date "1998.??.??"]
[Round "?"]
[White "Morozevich, Alexander"]
[Black "Sulskis, Sarunas"]
[Result "1/2-1/2"]
[WhiteElo "2625"]
[BlackElo "2555"]
[PlyCount "87"]
[EventDate "1998.??.??"]
[Source "ChessBase"]
[SourceDate "1998.10.01"]

1. e4 c5 2. Nf3 e6 3. Nc3 Nc6 4. d4 cxd4 5. Nxd4 Bb4 6. Ndb5 a6 7. Nd6+ Ke7 8. Nxc8+ Rxc8 9. Bd3 Nf6 10. O-O Bxc3 11. bxc3 d6 12. Rb1 Qc7 13. Qe1 e5 14. Qe3 Rhe8 15. Qh3 h6 16. Qh4 Nd8 17. f4 Ne6 18. fxe5 dxe5 19. Kh1 Nc5 20. Rf3 Nxd3 21. Rxd3 Kf8 22. Bxh6 gxh6 23. Qxf6 Re6 24. Qf5 Kg7 25. Rf1 Rg8 26. Rdf3 Kh8 27. Qh3 Rg7 28. Rf6 Qd6 29. Rxe6 Qxe6 30. Qxe6 fxe6 31. Rf6 Kh7 32. Rxe6 Rc7 33. Rb6 Rxc3 34. Rxb7+ Kg6 35. Rb2 Re3 36. Kg1 Rxe4 37. Kf2 Kf5 38. c3 Rc4 39. Rb3 a5 40. h3 h5 41. Ke2 a4 42. Rb4 Rxc3 43. Rxa4 e4 44. Ra8 1/2-1/2

[Event "EU-ch 2nd"]
[Site "Ohrid"]
[Date "2001.06.06"]
[Round "6"]
[White "Sokolov, Andrei"]
[Black "Khenkin, Igor"]
[Result "1/2-1/2"]
[WhiteElo "2568"]
[BlackElo "2609"]
[PlyCount "33"]
[EventDate "2001.06.01"]
[Source "ChessBase"]
[SourceDate "2001.09.13"]

1. e4 c5 2. Nf3 Nc6 3. d4 cxd4 4. Nxd4 Nf6 5. Nc3 e6 6. Ndb5 Bb4 7. a3 Bxc3+ 8. Nxc3 d5 9. exd5 exd5 10. Bd3 O-O 11. O-O d4 12. Ne4 Bf5 13. Bg5 Bxe4 14. Bxe4 h6 15. Bxf6 Qxf6 16. Qd2 Rac8 17. Rfe1 1/2-1/2